Alexandria Graeco-Roman Museum A Thematic Guide / (Record no. 111927)

MARC details
000 -LEADER
campo de control de longitud fija 01042cam a2200313Li 4500
001 - NÚMERO DE CONTROL
campo de control 94192
005 - FECHA Y HORA DE LA ÚLTIMA TRANSACCIÓN
campo de control 20230411090052.0
008 - DATOS DE LONGITUD FIJA--INFORMACIÓN GENERAL
campo de control de longitud fija 040331q2002uuuuxx 000 0 eng d
035 ## - NÚMERO DE CONTROL DEL SISTEMA
Número de control de sistema (OCoLC)ocn491501260
040 ## - FUENTE DE CATALOGACIÓN
Centro catalogador/agencia de origen ZWZ
Normas de descripción ncafnor
Centro/agencia transcriptor ZWZ
020 ## - NÚMERO INTERNACIONAL ESTÁNDAR DEL LIBRO
Número Internacional Estándar del Libro 977305327X
020 ## - NÚMERO INTERNACIONAL ESTÁNDAR DEL LIBRO
Número Internacional Estándar del Libro 9789773053277
029 0# - OTRO NÚMERO DE CONTROL DE SISTEMA (OCLC)
Identificador de la biblioteca OCLC ZWZ
Número de control de sistema 086680447
035 ## - NÚMERO DE CONTROL DEL SISTEMA
Número de control de sistema (OCoLC)491501260
049 ## - FONDOS LOCALES (OCLC)
Biblioteca depositaria GRAL
245 00 - MENCIÓN DEL TÍTULO
Título Alexandria Graeco-Roman Museum A Thematic Guide /
Mención de responsabilidad, etc. Edited by Fekri hassan in collaboration with Mostafa El-Abbadi, Ahmed Abdel-Fattah, Mervat Seif el-Din.
246 14 - FORMA VARIANTE DEL TITULO
Título propio/Titulo breve Alexandria Graeco-Roman Museum
246 18 - FORMA VARIANTE DEL TITULO
Título propio/Titulo breve Alexandria Graeco-Roman Museum
260 ## - PUBLICACIÓN, DISTRIBUCIÓN, ETC.
Lugar de publicación, distribución, etc. Le Caire :
Nombre del editor, distribuidor, etc. The supreme Council of Antiquities, Egypt,
Fecha de publicación, distribución, etc. 2002.
300 ## - DESCRIPCIÓN FÍSICA
Extensión 221 p. :
Otras características físicas fig., ill., couv. ill. ;
Dimensiones 27 cm.
504 ## - NOTA DE BIBLIOGRAFÍA, ETC.
Nota de bibliografía, etc. Bibliogr. p. 211-217.
700 1# - ENTRADA AGREGADA--NOMBRE PERSONAL
Nombre de persona Hassan, Fekri A..
Término indicativo de función/relación Ed.
700 1# - ENTRADA AGREGADA--NOMBRE PERSONAL
Nombre de persona Seif El-Din, Merwatte.
700 1# - ENTRADA AGREGADA--NOMBRE PERSONAL
Nombre de persona Abbadi, Mostafa el-
Fechas asociadas al nombre (1928-....)
700 1# - ENTRADA AGREGADA--NOMBRE PERSONAL
Nombre de persona Abdel-Fattah, Ahmed.
942 ## - ELEMENTOS DE ENTRADA SECUNDARIOS (KOHA)
Fuente del sistema de clasificación o colocación Clasificación de Library of Congress
Tipo de ítem Koha
994 ## -
-- C0
-- DRFGD
946 ## - PROCESAMIENTO DE INFORMACIÓN LOCAL (OCLC)
a JP
Holdings
Estatus retirado Estado de pérdida Fuente del sistema de clasificación o colocación Estado de daño No para préstamo Colección Biblioteca de origen Biblioteca actual Ubicación en estantería Fecha de adquisición Código de barras Visto por última vez Copia número Tipo de ítem Koha
    Clasificación de Library of Congress     Automatización y Procesos Técnicos Biblioteca Juan Bosch Biblioteca Juan Bosch Automatización y Procesos Técnicos (1er. Piso) 11/04/2023 00000086175 17/02/2019 1